000 007720000a22002170004500
020 _a84-8164-105-7
041 0 _aSPA
082 0 4 _aG 176 F697n
100 1 _aForcano, Benjamín (1935-)
245 1 0 _aNueva ética sexual / Benjamín Forcano
260 _aMadrid, España : Trotta
300 _a451 Pag.
440 0 _aColección Estructuras y Procesos. Serie Religión
505 0 0 _aliberar la sexualidad -- liberar a la mujer -- algunos problemas de la pareja -- chequeo a la familia -- algunos problemas particulares -- apéndices -- anexo
650 1 4 _aETICA SEXUAL \ SEXO - ASPECTOS RELIGIOSOS - CRISTIANISMO
001 1319
942 _cBK
999 _c32642
_d32642
336 _atexto
_btxt
_2rdacontent
337 _2rdamedia
_asin mediación
_bn
338 _2rdacarrier
_avolumen
_bnc